ម៉ាឃេតធីងកសិកម្ម agricultural marketing (Record no. 8874)

000 -LEADER
fixed length control field 00340nam a22001217a 4500
040 ## - CATALOGING SOURCE
Transcribing agency HS
082 ## - DEWEY DECIMAL CLASSIFICATION NUMBER
Classification number 380
100 ## - MAIN ENTRY--AUTHOR NAME
Personal name រស់ សុភារ៉ាវី
245 ## - TITLE STATEMENT
Title ម៉ាឃេតធីងកសិកម្ម agricultural marketing
260 ## - PUBLICATION, DISTRIBUTION, ETC. (IMPRINT)
Place of publication RUA
Name of publisher រស់ សុភារ៉ារី
Year of publication 1997
300 ## - PHYSICAL DESCRIPTION
Number of Pages 122p;
942 ## - ADDED ENTRY ELEMENTS (KOHA)
Koha item type សៀវភៅភាសាខ្មែរ
952 ## - LOCATION AND ITEM INFORMATION (KOHA)
Withdrawn status [LOCAL, KOHA] 0
952 ## - LOCATION AND ITEM INFORMATION (KOHA)
Withdrawn status [LOCAL, KOHA] 0
952 ## - LOCATION AND ITEM INFORMATION (KOHA)
Withdrawn status [LOCAL, KOHA] 0
Holdings
Permanent Location Date acquired Koha item type Lost status Shelving location Barcode Current Location Full call number
Library Block C2016-08-18សៀវភៅភាសាខ្មែរ C064RUA043089Library Block C380 រស់ 1997 C064
Library Block C2016-09-06សៀវភៅភាសាខ្មែរ C064RUA42061Library Block C380 រស់ 1997 C064
Library Block C2016-09-06សៀវភៅភាសាខ្មែរ C064RUA043341Library Block C380 រស់ 1997 C064
មជ្ឈមណ្ឌលឯការនៃសាកលវិទ្យាល័យភូមិន្ទកសិកម្មចំការដូង

Powered by Koha